|
|
|
|
| LEADER |
01435cam a2200301 a 4500 |
| 001 |
2407022 |
| 003 |
GR-PaULI |
| 005 |
20210117210922.0 |
| 008 |
861210s1980 ne a b 101 0 eng |
| 952 |
|
|
|0 0
|1 0
|2 ddc
|4 0
|6 Π_Σ_671_000000000000000_NAT
|7 0
|9 233077
|a LISP
|b LISP
|c REF
|d 2019-06-13
|i 07774
|l 0
|o Π/Σ 671 NAT
|p 025000113637
|r 2019-06-13 00:00:00
|t 1
|v 2019.00
|w 2019-06-13
|y BKN
|
| 999 |
|
|
|c 141484
|d 141484
|
| 010 |
|
|
|a 86031301
|
| 020 |
|
|
|a 9028606807
|
| 040 |
|
|
|a DLC
|c GR-PaULI
|d
|b gre
|e AACR2
|
| 082 |
0 |
0 |
|a 671
|2 23
|
| 111 |
|
|
|9 176335
|a NATO Advanced Study Institute on Liquid and Amorphous Metals
|d (1979 :
|c Zwiesel, Germany
|
| 245 |
0 |
0 |
|a Liquid and amorphous metals /
|c edited by E. Lüschner and H. Coufal.
|
| 260 |
|
|
|a Alpen aan den Rijn :
|b Sijthoff & Noordhoff,
|c 1980.
|
| 300 |
|
|
|a xi, 672 σ. :
|b εικ. ;
|c 25 εκ.
|
| 490 |
1 |
|
|a NATO ASI series. Series E. Applied sciences
|v 36.
|
| 500 |
|
|
|a "Proceedings of the NATO advanced Study Institute on 'Liquid and Amorphous Metals', Zwiesel, Germany September 11-22, 1979"--T.p. verso.
|
| 504 |
|
|
|a Περιλαμβάνει βιβλιογραφικές παραπομπές και ευρετήριο.
|
| 650 |
|
4 |
|a Μέταλλα
|9 2170
|
| 700 |
1 |
|
|a Lüscher, Edgar
|9 176334
|e επιμελητής.
|
| 700 |
1 |
|
|a Coufal, H.
|9 176336
|e επιμελητής.
|
| 830 |
|
0 |
|9 162657
|a NATO ASI series
|p Applied sciences
|v 36.
|
| 942 |
|
|
|2 ddc
|c BKN
|
| 998 |
|
|
|c ΜΠΟΥΡΑΣ
|d 2019-06
|